| 000 | 00537nam a2200181 a 4500 | ||
|---|---|---|---|
| 005 | 20240910064210.0 | ||
| 008 | 991125s1974 mx 000 0 spa u | ||
| 035 | _aUPN01000003263 | ||
| 049 | _aCG | ||
| 050 | 4 |
_aGN24 _aF6.28 |
|
| 100 | 1 |
_aFoster, George McClelland, _d1913-2006 _930395 |
|
| 245 | 1 | 0 |
_aAntropología aplicada / _cGeorge M. Foster ; tr. Ana Zagury. |
| 260 |
_aMéxico : _bFCE, _c1974. |
||
| 300 | _a348 p. | ||
| 440 | 0 |
_aBreviarios del Fondo de Cultura Económica ; _v232 |
|
| 650 | 2 |
_aAntropología _94499 |
|
| 905 | _aLibro | ||
| 999 |
_c3263 _d3263 |
||